LEADER 00912nam0-2200277---450- 001 990009773460403321 005 20131014101248.0 035 $a000977346 035 $aFED01000977346 035 $a(Aleph)000977346FED01 035 $a000977346 100 $a20131014d1989----km-y0itay50------ba 101 0 $aita 102 $aIT 105 $a--------001yy 200 1 $aDizionario bibliografico delle riviste giuridiche italiane con i sommari analitici 1988$eIn appendice: I volumi giuridici dell'anno$fVincenzo Napoletano 210 $aMilano$cGiuffrè Editore$d1989 215 $aXVII, 809 p.$d24 cm 700 1$aNapoletano,$bVincenzo$032143 801 0$aIT$bUNINA$gRICA$2UNIMARC 901 $aBK 912 $a990009773460403321 952 $aDT X-4/28$b7068$fDEC 959 $aDEC 996 $aDizionario bibliografico delle riviste giuridiche italiane con i sommari analitici 1988$9832336 997 $aUNINA LEADER 01968oam 2200517M 450 001 9910716330203321 005 20200213070621.4 035 $a(CKB)5470000002520835 035 $a(OCoLC)1065989543 035 $a(OCoLC)995470000002520835 035 $a(EXLCZ)995470000002520835 100 $a20071213d1926 ua 0 101 0 $aeng 135 $aurcn||||||||| 181 $ctxt$2rdacontent 182 $cc$2rdamedia 183 $acr$2rdacarrier 200 10$aAmend and clarify laws relating to powers and duties of auditor for Philippine Islands. June 3, 1926. -- Committed to the Committee of the Whole House on the State of the Union and ordered to be printed 210 1$a[Washington, D.C.] :$c[U.S. Government Printing Office],$d1926. 215 $a1 online resource (5 pages) 225 1 $aHouse report / 69th Congress, 1st session. House ;$vno. 1369 225 1 $a[United States congressional serial set ] ;$v[serial no. 8534] 300 $aBatch processed record: Metadata reviewed, not verified. Some fields updated by batch processes. 300 $aFDLP item number not assigned. 606 $aAccounting 606 $aJob descriptions 606 $aLegislative amendments 606 $aIndustrial efficiency 606 $aWages 608 $aLegislative materials.$2lcgft 615 0$aAccounting. 615 0$aJob descriptions. 615 0$aLegislative amendments. 615 0$aIndustrial efficiency. 615 0$aWages. 701 $aKiess$b Edgar Raymond$f1875-1930$pRepublican (PA)$01387985 801 0$bWYU 801 1$bWYU 801 2$bOCLCO 801 2$bOCLCQ 801 2$bOCLCO 801 2$bOCLCQ 906 $aBOOK 912 $a9910716330203321 996 $aAmend and clarify laws relating to powers and duties of auditor for Philippine Islands. June 3, 1926. -- Committed to the Committee of the Whole House on the State of the Union and ordered to be printed$93466309 997 $aUNINA LEADER 04048nam 2200757Ia 450 001 9910964686903321 005 20251017110113.0 010 $a0-309-18570-X 010 $a1-281-76728-X 010 $a9786611767280 010 $a0-309-11691-0 035 $a(CKB)1000000000539246 035 $a(OCoLC)263436254 035 $a(CaPaEBR)ebrary10246296 035 $a(SSID)ssj0000119576 035 $a(PQKBManifestationID)11146383 035 $a(PQKBTitleCode)TC0000119576 035 $a(PQKBWorkID)10072812 035 $a(PQKB)10185821 035 $a(MiAaPQ)EBC3378385 035 $a(Au-PeEL)EBL3378385 035 $a(CaPaEBR)ebr10246296 035 $a(CaONFJC)MIL176728 035 $a(OCoLC)923279144 035 $a(DNLM)1523955 035 $a(BIP)53859959 035 $a(BIP)23329741 035 $a(EXLCZ)991000000000539246 100 $a20080716d2008 uy 0 101 0 $aeng 135 $aurcn||||||||| 181 $ctxt 182 $cc 183 $acr 200 00$aChallenges and successes in reducing health disparities $eworkshop summary /$fJennifer A. Cohen, rapporteur ; Roundtable on Health Disparities, Board on Population Health and Public Health Practice, Institute of Medicine of the National Academies 205 $a1st ed. 210 $aWashington, D.C. $cNational Academies Press$dc2008 215 $a1 online resource (210 p.) 300 $aBibliographic Level Mode of Issuance: Monograph 311 08$a0-309-11690-2 320 $aIncludes bibliographical references. 327 $aIntroduction -- The impact of geography on health disparities in the United States : different perspectives -- Clinical and community-development approaches to reducing disparities -- Successful clinical and community-development strategies -- Health disparities in a business environment -- Moving forward -- Agenda of the public meeting held by the roundtable on health disparities -- Workshop presenters' biosketches and participant list -- Eight Americas : investigating mortality disparities across races, counties, and race-counties in the United States -- Community approaches to addressing health disparities. 330 $aIn early 2007, the Institute of Medicine convened the Roundtable on Health Disparities to increase the visibility of racial and ethnic health disparities as a national problem, to further the development of programs and strategies to reduce disparities, to foster the emergence of leadership on this issue, and to track promising activities and developments in health care that could lead to dramatically reducing or eliminating disparities. The Roundtable's first workshop, Challenges and Successes in Reducing Health Disparities, was held in St. Louis, Missouri, on July 31, 2007, and examined (1) the importance of differences in life expectancy within the United States, (2) the reasons for those differences, and (3) the implications of this information for programs and policy makers. 606 $aEthnic groups$xMedical care$zUnited States$vCongresses 606 $aHealth care reform$zUnited States$vCongresses 606 $aHealth services accessibility$zUnited States$vCongresses 606 $aMedical care$zUnited States$xRegional disparities$vCongresses 606 $aMedical policy$zUnited States$vCongresses 606 $aMinorities$xMedical care$zUnited States$vCongresses 615 0$aEthnic groups$xMedical care 615 0$aHealth care reform 615 0$aHealth services accessibility 615 0$aMedical care$xRegional disparities 615 0$aMedical policy 615 0$aMinorities$xMedical care 676 $a362.1089 701 $aCohen$b Jennifer A.$f1964-$01839939 712 02$aInstitute of Medicine (U.S.).$bRoundtable on Health Disparities. 712 02$aNational Academies Press (U.S.) 801 0$bMiAaPQ 801 1$bMiAaPQ 801 2$bMiAaPQ 906 $aBOOK 912 $a9910964686903321 996 $aChallenges and successes in reducing health disparities$94419364 997 $aUNINA